Statistics for Rosa Parks

Click here to take the quiz!

General Stats

  • This quiz has been taken 13 times
  • The average score is 4 of 9

Answer Stats

HintAnswer% Correct
Where did she live in the USA?Montgomery, Alabama
100%
In what year was her trial?1955
82%
Who was her spouse?Raymond Parks
55%
She created the _______ ______ MovementCivil Rights
36%
When do Ohio and Oregon celebrate Rosa Parks Day?December 1
36%
Where did she die?Detroit, Michigan
36%
When do California and Missouri celebrate Rosa Parks Day?February 4
27%
What month and date?December 55
18%
On which bus did she sit on? (Be specific)The Cleveland Avenue Bus
18%

Score Distribution

Percentile by Number Answered

Percent of People with Each Score

Your Score History

You have not taken this quiz